| 000 | 00527nam a2200157 i 4500 | ||
|---|---|---|---|
| 001 | 42184 | ||
| 003 | ES-MaACL | ||
| 005 | 20230906160550.0 | ||
| 007 | t| | ||
| 008 | 030312s1962 sp ||||1| spa d | ||
| 100 | 1 |
_aCastellot Fernández, A. _936575 |
|
| 245 | 1 | 3 |
_aLa fosfatación _b: (tratamiento anticorrosivo, base adherente para las pinturas...) / _cA. Castellot Fernández. |
| 260 |
_aBarcelona, etc. : _bJosé Oriol Avila Montesó, _c1962. |
||
| 300 |
_a229 p. : _bil. ; _c22 cm. |
||
| 852 |
_aES-MaACL _jC-21906 _bR.50074 |
||
| 999 |
_c42184 _d42184 |
||